| 000 | 00721 a2200169 4500 | ||
|---|---|---|---|
| 003 | Nust | ||
| 005 | 20170207154059.0 | ||
| 040 | _cNust | ||
| 082 | _a604.2 | ||
| 100 | _aT.H.Hewitt, A.M.I.E.E | ||
| 245 |
_aElectrical Drawing for National Certificate _cTH Hewitt ,A.M.I.E.E |
||
| 260 |
_alondon _bCleaver-Hume Press _c1963 |
||
| 300 | _a134p | ||
| 505 | _a1.fundamentals (page 1)2.standards(page 22)3.geometrical drawing (page 46)4.dimensions(page 63)5.section views(page 71)6.further exercises in orthographic projection(page 78)7.details to be asembled(page 94)8.workshop drawing (page 112)9.design (page 128)10.printed circuits(page 147)index(page 167) | ||
| 538 | _aAlmirah No.28and Shelf No.1 | ||
| 650 | _aElectrical Drawing | ||
| 942 | _cREF | ||
| 999 |
_c193496 _d193496 |
||